[Event "13. Open Club Ajedrez Villaverde"]
[Site "Madrid ESP"]
[Date "2010.06.28"]
[Round "1.1"]
[White "Moreno Ruiz, Javier"]
[Black "Caballero Gallego, Luis"]
[Result "1-0"]
[WhiteElo "2485"]
[BlackElo "1933"]
[PlyCount "101"]
[EventDate "2010.06.28"]
[EventType "swiss"]
[EventRounds "9"]
[EventCountry "ESP"]
[Source "lmi"]
[SourceDate "2010.06.28"]

1. e4 c5 2. c3 Nf6 3. e5 Nd5 4. g3 e6 5. Bg2 d6 6. exd6 Bxd6 7. Nf3 Nc6 8. O-O
O-O 9. d4 Qc7 10. Na3 Be7 11. c4 Nf6 12. Nb5 Qb6 13. dxc5 Bxc5 14. Qe2 a6 15.
Nc3 Nd4 16. Nxd4 Bxd4 17. Be3 Bxe3 18. Qxe3 Qxe3 19. fxe3 Rb8 20. Rad1 Ng4 21.
Rfe1 Ne5 22. b3 Bd7 23. Rd6 Bc6 24. Bxc6 Nxc6 25. Ne4 Rfd8 26. c5 Kf8 27. Red1
Ke7 28. Kf2 Nb4 29. a3 Nd5 30. g4 h5 31. gxh5 f5 32. Rxd8 Rxd8 33. Nd6 b6 34.
b4 a5 35. Nb7 Rb8 36. c6 axb4 37. axb4 b5 38. Rg1 Kf6 39. Nd6 Ke7 40. Nb7 Kf6
41. Rg6+ Kf7 42. Nc5 Re8 43. Nd3 e5 44. Rd6 Nf6 45. Nc5 Ke7 46. Re6+ Kd8 47.
Rxe8+ Nxe8 48. Ne6+ Ke7 49. Nxg7 Nd6 50. c7 Kf6 51. Ne8+ 1-0

[Event "13. Open Club Ajedrez Villaverde"]
[Site "Madrid ESP"]
[Date "2010.06.28"]
[Round "1.2"]
[White "Rodriguez Sampedro, Ricardo"]
[Black "Hernando Pertierra, Jose Carlos"]
[Result "0-1"]
[WhiteElo "1926"]
[BlackElo "2376"]
[PlyCount "78"]
[EventDate "2010.06.28"]
[EventType "swiss"]
[EventRounds "9"]
[EventCountry "ESP"]
[Source "lmi"]
[SourceDate "2010.06.28"]

1. d4 Nf6 2. c4 c5 3. Nf3 e6 4. Nc3 cxd4 5. Qxd4 Nc6 6. Qd1 a6 7. Bg5 Qc7 8. a3
b6 9. g3 Bd6 10. Bg2 Bb7 11. b4 Ne5 12. O-O Nxc4 13. Qb3 Rc8 14. Rac1 Be7 15.
Rfd1 d5 16. Nd4 O-O 17. e4 dxe4 18. Bxf6 Bxf6 19. Nxe4 Bxe4 20. Bxe4 Bxd4 21.
Rxd4 b5 22. Qd3 g6 23. Rd7 Qe5 24. f4 Qb2 25. Re1 Nxa3 26. Re2 Qxb4 27. Bxg6
hxg6 28. Rxe6 Qb1+ 29. Qxb1 Nxb1 30. Rxa6 Rc2 31. Ra1 Nd2 32. Rd3 Re8 33. Rd1
Re2 34. g4 Kg7 35. h4 Ne4 36. f5 Rg2+ 37. Kh1 Rh2+ 38. Kg1 Rcg2+ 39. Kf1 Nd2+
0-1

[Event "13. Open Club Ajedrez Villaverde"]
[Site "Madrid ESP"]
[Date "2010.06.28"]
[Round "1.3"]
[White "Ortega Ruiz, Jose M"]
[Black "Penaranda Grilo, Juan Carlos"]
[Result "1-0"]
[WhiteElo "2292"]
[BlackElo "1921"]
[PlyCount "62"]
[EventDate "2010.06.28"]
[EventType "swiss"]
[EventRounds "9"]
[EventCountry "ESP"]
[Source "lmi"]
[SourceDate "2010.06.28"]

1. e4 c6 2. d3 d5 3. Nd2 Nd7 4. Ngf3 e5 5. c3 Ngf6 6. Qc2 Bc5 7. b4 Bb6 8. Be2
O-O 9. O-O Re8 10. a4 a5 11. Nb3 Ng4 12. h3 Bxf2+ 13. Rxf2 Nxf2 14. Kxf2 axb4
15. c4 dxe4 16. dxe4 c5 17. Bb2 b6 18. Nbd2 f6 19. Nf1 Nf8 20. Ne3 Ne6 21. Nd5
Nd4 22. Bxd4 exd4 23. Bd3 Be6 24. Re1 Bxd5 25. cxd5 Qd6 26. Bb5 Re7 27. g3 Kf8
28. Nh4 g6 29. Bc6 Rd8 30. Nf3 Kg7 31. Nd2 Qb8 1-0

[Event "13. Open Club Ajedrez Villaverde"]
[Site "Madrid ESP"]
[Date "2010.06.28"]
[Round "1.4"]
[White "Lozano Sanchez, Jose Antonio"]
[Black "Longa Yauca, Javier"]
[Result "1/2-1/2"]
[WhiteElo "1917"]
[BlackElo "2285"]
[PlyCount "141"]
[EventDate "2010.06.28"]
[EventType "swiss"]
[EventRounds "9"]
[EventCountry "ESP"]
[Source "lmi"]
[SourceDate "2010.06.28"]

1. e4 e6 2. Nf3 c5 3. Bc4 a6 4. a4 d5 5. exd5 exd5 6. Be2 d4 7. d3 Bd6 8. Nbd2
Be6 9. Ne4 Nc6 10. Nfg5 Bd5 11. Bf3 Nge7 12. Nxd6+ Qxd6 13. O-O Bxf3 14. Qxf3
O-O 15. Bf4 Qd5 16. Qxd5 Nxd5 17. Bd6 Rfc8 18. Rfe1 Ncb4 19. Re2 b5 20. Rae1 h6
21. Ne4 c4 22. dxc4 bxc4 23. Bxb4 Nxb4 24. Nd6 d3 25. cxd3 cxd3 26. Rd2 Rc5 27.
f3 Rc2 28. Red1 Rd8 29. Ne4 Re8 30. Nc3 f5 31. Kf2 g5 32. g3 Kf7 33. Kf1 h5 34.
Kf2 g4 35. f4 Re7 36. Kf1 Re3 37. Rf2 Rf3 38. Rxf3 gxf3 39. Kg1 Rg2+ 40. Kh1 d2
41. Rf1 Re2 42. Rxf3 Re1+ 43. Kg2 d1=Q 44. Nxd1 Rxd1 45. Rb3 Rd2+ 46. Kh3 a5
47. Rc3 Ke6 48. Rc5 Rd5 49. Rc8 Nd3 50. b3 Kd7 51. Rc4 Nc5 52. b4 Nxa4 53. bxa5
Rxa5 54. Kh4 Nc5 55. Kxh5 Ne4 56. Rb4 Ra6 57. Rb7+ Ke6 58. Rg7 Ra2 59. h3 Ra8
60. Rg6+ Kf7 61. Rh6 Nxg3+ 62. Kh4 Ne4 63. Kh5 Rg8 64. Rh7+ Ke6 65. Rh6+ Kd5
66. Rg6 Rxg6 67. Kxg6 Ng3 68. Kg5 Ke4 69. h4 Kf3 70. h5 Nxh5 71. Kxf5 1/2-1/2

[Event "13. Open Club Ajedrez Villaverde"]
[Site "Madrid ESP"]
[Date "2010.06.28"]
[Round "1.5"]
[White "Gemy, Jose Daniel"]
[Black "Laynez Aspenberg, Jose"]
[Result "1-0"]
[WhiteElo "2271"]
[BlackElo "1910"]
[PlyCount "55"]
[EventDate "2010.06.28"]
[EventType "swiss"]
[EventRounds "9"]
[EventCountry "ESP"]
[Source "lmi"]
[SourceDate "2010.06.28"]

1. d4 Nf6 2. Nf3 c5 3. e3 g6 4. c3 Bg7 5. dxc5 a5 6. a4 Na6 7. Be2 Nxc5 8. Na3
d6 9. Nb5 O-O 10. O-O Bd7 11. Nfd4 Ne6 12. Bf3 Nxd4 13. exd4 Bc6 14. d5 Bxb5
15. axb5 Nd7 16. Be3 Qc7 17. Be2 b6 18. Ra4 Nc5 19. Rc4 Qa7 20. Qc2 Rfc8 21. b4
Nd7 22. Rc6 Rab8 23. Ra1 Qb7 24. bxa5 bxa5 25. Rxa5 Ra8 26. Qa2 Rxa5 27. Qxa5
Nb8 28. Qa7 1-0

[Event "13. Open Club Ajedrez Villaverde"]
[Site "Madrid ESP"]
[Date "2010.06.28"]
[Round "1.7"]
[White "Ramirez Garcia, Jorge Alberto"]
[Black "Serrano Pozo, Fermin"]
[Result "1-0"]
[WhiteElo "2217"]
[BlackElo "1893"]
[PlyCount "103"]
[EventDate "2010.06.28"]
[EventType "swiss"]
[EventRounds "9"]
[EventCountry "ESP"]
[Source "lmi"]
[SourceDate "2010.06.28"]

1. e4 d6 2. d4 Nf6 3. Nc3 Nbd7 4. f4 e5 5. Nf3 exd4 6. Qxd4 c6 7. a4 d5 8. exd5
Bc5 9. Qd3 Ng4 10. Ne4 Qe7 11. Be2 cxd5 12. Qxd5 O-O 13. Nxc5 Nxc5 14. Ne5 Rd8
15. Qf3 Nxe5 16. fxe5 Qxe5 17. O-O Be6 18. Be3 Rac8 19. Rad1 Rxd1 20. Rxd1 Bg4
21. Qxg4 Qxe3+ 22. Kf1 Re8 23. Qf3 Qg5 24. Bc4 Qe7 25. b3 Ne4 26. Qf4 Nc3 27.
Ra1 g5 28. Qf3 Ne4 29. Kg1 Nd2 30. Qd3 Qc5+ 31. Kh1 Qf2 32. Rg1 h6 33. h3 Ne4
34. Qf3 Qxf3 35. gxf3 Nd2 36. Bd5 Re3 37. Bxb7 Nxf3 38. Rg3 Re1+ 39. Kg2 Nd4
40. c4 Re2+ 41. Kf1 Rb2 42. Rd3 Nxb3 43. Rd8+ Kg7 44. Bd5 Nc5 45. Ra8 Nxa4 46.
Rxa7 Nc3 47. Bxf7 Kf6 48. c5 Ne4 49. c6 Rc2 50. Be8 Nd6 51. Bd7 Ke7 52. Bf5+
1-0

[Event "13. Open Club Ajedrez Villaverde"]
[Site "Madrid ESP"]
[Date "2010.06.28"]
[Round "1.8"]
[White "Tevar Sanz, Gonzalo"]
[Black "Pastor Alonso De Prado, Emilio"]
[Result "0-1"]
[WhiteElo "1887"]
[BlackElo "2195"]
[PlyCount "61"]
[EventDate "2010.06.28"]
[EventType "swiss"]
[EventRounds "9"]
[EventCountry "ESP"]
[Source "lmi"]
[SourceDate "2010.06.28"]

1. d4 d5 2. Bf4 c5 3. Nf3 Nc6 4. e3 e6 5. c3 Qb6 6. Qb3 c4 7. Qc2 Nf6 8. h3 Be7
9. Nbd2 O-O 10. Be2 Qd8 11. Ne5 Ne8 12. b3 Nxe5 13. dxe5 cxb3 14. axb3 Bd7 15.
Bd3 g6 16. Bh6 Ng7 17. Nf3 Qc7 18. h4 Rfc8 19. Kd2 Qb6 20. Bxg7 Kxg7 21. h5
Rxc3 22. Kxc3 Rc8+ 23. Bc4 dxc4 24. Kb2 Rc5 25. Nd4 c3+ 26. Kb1 Rxe5 27. hxg6
hxg6 28. Qd3 Rd5 29. Kc2 e5 30. Ra4 exd4 31. Rxd4 0-1

[Event "13. Open Club Ajedrez Villaverde"]
[Site "Madrid ESP"]
[Date "2010.06.28"]
[Round "1.9"]
[White "Argente Rodriguez, Juan Jose"]
[Black "Martin Espeja, Jorge J"]
[Result "1-0"]
[WhiteElo "2128"]
[BlackElo "1881"]
[PlyCount "63"]
[EventDate "2010.06.28"]
[EventType "swiss"]
[EventRounds "9"]
[EventCountry "ESP"]
[Source "lmi"]
[SourceDate "2010.06.28"]

1. c4 b6 2. Nc3 Bb7 3. e4 e5 4. d3 Nf6 5. g3 Be7 6. Bg2 d6 7. Nge2 c5 8. O-O h5
9. a3 h4 10. f4 hxg3 11. Nxg3 Nc6 12. Nd5 Qd7 13. Nf5 O-O-O 14. b4 Nxd5 15.
cxd5 Nd4 16. fxe5 Nxf5 17. Rxf5 dxe5 18. Be3 Bxd5 19. bxc5 bxc5 20. Rxe5 Bc6
21. Rb1 g6 22. Qb3 Qc7 23. Rxe7 Qxe7 24. Qb8+ Kd7 25. Qxa7+ Ke6 26. Qb6 Rc8 27.
Bxc5 Qh4 28. Qb3+ Kf6 29. Rf1+ Kg7 30. Qxf7+ Kh6 31. Be3+ g5 32. Rf6# 1-0

[Event "13. Open Club Ajedrez Villaverde"]
[Site "Madrid ESP"]
[Date "2010.06.28"]
[Round "1.10"]
[White "Merino Araguas, Jose Javier"]
[Black "Lopez-Andujar Ocaña, Antonio"]
[Result "0-1"]
[WhiteElo "1849"]
[BlackElo "2118"]
[PlyCount "104"]
[EventDate "2010.06.28"]
[EventType "swiss"]
[EventRounds "9"]
[EventCountry "ESP"]
[Source "lmi"]
[SourceDate "2010.06.28"]

1. d4 Nf6 2. c4 e6 3. Nc3 Bb4 4. Qc2 d5 5. a3 Bxc3+ 6. Qxc3 Ne4 7. Qc2 c5 8.
dxc5 Nc6 9. Nf3 Qa5+ 10. Bd2 Nxd2 11. Qxd2 dxc4 12. Qxa5 Nxa5 13. e3 Bd7 14.
Ne5 Rc8 15. Nxc4 Nxc4 16. Bxc4 Rxc5 17. Bd3 Ke7 18. Ke2 Rhc8 19. Rhd1 Ba4 20.
Rd2 R8c7 21. g3 g6 22. h4 f5 23. f4 Bc6 24. Rad1 Bd5 25. Re1 Kf6 26. Rg1 a6 27.
Rgd1 h6 28. Rf1 e5 29. fxe5+ Kxe5 30. Rf4 Be6 31. Rd4 Rc1 32. Rd1 g5 33. hxg5
Rxd1 34. Kxd1 hxg5 35. Rd8 Rh7 36. Re8 b5 37. Kd2 Rh2+ 38. Kc3 Rh3 39. Ra8 Rxg3
40. Rxa6 Rxe3 41. Kd2 f4 42. Bxb5 g4 43. Ra5 Kf6 44. Ra4 Kg5 45. Ra5 Re5 46. a4
f3 47. Ra8 Kf4 48. Rf8+ Kg3 49. Rh8 Kg2 50. Bc6 Bd5 51. Bxd5 Rxd5+ 52. Ke3 f2
0-1

[Event "13. Open Club Ajedrez Villaverde"]
[Site "Madrid ESP"]
[Date "2010.06.28"]
[Round "1.11"]
[White "Garcia Diaz, Victor Manuel"]
[Black "Ibanez Moreno, Sergio"]
[Result "1-0"]
[WhiteElo "2113"]
[BlackElo "1825"]
[PlyCount "149"]
[EventDate "2010.06.28"]
[EventType "swiss"]
[EventRounds "9"]
[EventCountry "ESP"]
[Source "lmi"]
[SourceDate "2010.06.28"]

1. e4 e6 2. d4 d5 3. exd5 exd5 4. c4 Nf6 5. Nf3 Bg4 6. h3 Bb4+ 7. Nc3 Qe7+ 8.
Be3 Bh5 9. Be2 dxc4 10. O-O O-O 11. Bg5 Bxc3 12. bxc3 b5 13. Re1 Qd6 14. a4 Ne4
15. Qc1 Qd5 16. axb5 Nd7 17. Bf4 Nd6 18. Ne5 Nxe5 19. dxe5 Bxe2 20. exd6 Bd3
21. dxc7 Qxb5 22. Re5 Qc6 23. Rea5 a6 24. Qa3 Be4 25. f3 Qb6+ 26. Qc5 Qxc5+ 27.
Rxc5 Bb7 28. Raa5 Rfe8 29. Rxc4 Re6 30. Rd4 Rae8 31. Rd8 f6 32. Rb8 Bc8 33. Rd5
Re1+ 34. Kh2 Kf7 35. Rd8 Bf5 36. c8=Q Bxc8 37. Rbxc8 Rxd8 38. Rxd8 a5 39. Ra8
Ra1 40. c4 Ra4 41. Bd2 Rxc4 42. Rxa5 Rc2 43. Rd5 h5 44. h4 Ke6 45. Rd4 Kf5 46.
Kh3 g6 47. g4+ Ke5 48. Rd8 hxg4+ 49. fxg4 f5 50. gxf5 Kxf5 51. Kg3 Ra2 52. Kf3
Ra3+ 53. Be3 Ra4 54. Rf8+ Ke6 55. Bf4 Ra1 56. Kg4 Ke7 57. Rb8 Rg1+ 58. Bg3 Kf6
59. Rb6+ Kf7 60. Rb3 Kf6 61. Rf3+ Kg7 62. Kg5 Rg2 63. Rb3 Kf7 64. Kg4 Kf6 65.
Rb6+ Kf7 66. Kf3 Rc2 67. Bf4 Ra2 68. Be5 Ra4 69. Rf6+ Ke7 70. Rf4 Ra5 71. Bf6+
Ke6 72. Bd4 Ra4 73. Kg4 Kd5 74. Kg5 Ra6 75. Bf6 1-0

[Event "13. Open Club Ajedrez Villaverde"]
[Site "Madrid ESP"]
[Date "2010.06.28"]
[Round "1.12"]
[White "Illan Gomez, Miguel"]
[Black "Aziz Ortego, Omar Luis"]
[Result "0-1"]
[WhiteElo "1798"]
[BlackElo "2091"]
[PlyCount "60"]
[EventDate "2010.06.28"]
[EventType "swiss"]
[EventRounds "9"]
[EventCountry "ESP"]
[Source "lmi"]
[SourceDate "2010.06.28"]

1. d4 Nf6 2. c4 g6 3. Nf3 Bg7 4. Nc3 O-O 5. e4 d6 6. Bd3 Nfd7 7. O-O e5 8. Be3
Nc6 9. Be2 h6 10. d5 Ne7 11. Qd2 Kh7 12. g4 f5 13. exf5 gxf5 14. Nh4 f4 15.
Qd3+ Kg8 16. Bd2 Nc5 17. Qc2 Nxd5 18. Nxd5 Qxh4 19. f3 Ne6 20. Be1 Qd8 21. Qe4
Ng5 22. Qd3 Bxg4 23. fxg4 e4 24. Qb3 f3 25. Bh4 Nh3+ 26. Kh1 Qxh4 27. Qxb7 Rab8
28. Qxc7 Rxb2 29. Ne7+ Kh7 30. Qxd6 Nf4 0-1

[Event "13. Open Club Ajedrez Villaverde"]
[Site "Madrid ESP"]
[Date "2010.06.28"]
[Round "1.13"]
[White "Vazquez Gonzalez, Jesus"]
[Black "De La Orden Alcocer, Alejandro"]
[Result "1-0"]
[WhiteElo "2089"]
[BlackElo "1795"]
[PlyCount "31"]
[EventDate "2010.06.28"]
[EventType "swiss"]
[EventRounds "9"]
[EventCountry "ESP"]
[Source "lmi"]
[SourceDate "2010.06.28"]

1. e4 Nf6 2. Nc3 d5 3. exd5 Nxd5 4. Bc4 Nb6 5. Bb3 c5 6. d3 Nc6 7. Qh5 e6 8.
Bg5 Be7 9. Ne4 c4 10. Bxe7 Qxe7 11. dxc4 Nd4 12. Rd1 g6 13. Qe5 f6 14. Nxf6+
Kf7 15. Rxd4 Qxf6 16. Rf4 1-0

[Event "13. Open Club Ajedrez Villaverde"]
[Site "Madrid ESP"]
[Date "2010.06.28"]
[Round "1.14"]
[White "Chinarro Casado, Jose Miguel"]
[Black "Iagar, Razvan-Gabriel"]
[Result "0-1"]
[WhiteElo "1783"]
[BlackElo "2078"]
[PlyCount "86"]
[EventDate "2010.06.28"]
[EventType "swiss"]
[EventRounds "9"]
[EventCountry "ESP"]
[Source "lmi"]
[SourceDate "2010.06.28"]

1. Nf3 d5 2. g3 g6 3. Bg2 Bg7 4. O-O Nf6 5. d3 O-O 6. Bg5 h6 7. Bxf6 Bxf6 8. c3
c5 9. Nbd2 Nc6 10. Re1 Qc7 11. e4 e6 12. exd5 exd5 13. Qc2 Bf5 14. c4 Nb4 15.
Qb3 Nxd3 16. Re3 Nb4 17. cxd5 Nc2 18. Rc1 Nxe3 19. fxe3 Rfe8 20. Re1 Rab8 21.
e4 Bd7 22. Qe3 Bxb2 23. Qxh6 Bg7 24. Qe3 b5 25. e5 c4 26. Qf4 Bf5 27. d6 Qc5+
28. Kh1 f6 29. g4 fxe5 30. Qg5 Bd3 31. d7 Re7 32. Nh4 Rxd7 33. Nxg6 Bxg6 34.
Nf3 Rb6 35. h4 Qe7 36. Qe3 Rd3 37. Qe2 e4 38. h5 Bf7 39. g5 Bxh5 40. Rf1 Bxf3
41. Bxf3 Qxg5 42. Bg2 Rh6+ 43. Kg1 Bd4+ 0-1

[Event "13. Open Club Ajedrez Villaverde"]
[Site "Madrid ESP"]
[Date "2010.06.28"]
[Round "1.15"]
[White "Beltran De Heredia E., Miguel"]
[Black "Alvarez Romero, Carlos"]
[Result "1-0"]
[WhiteElo "2078"]
[BlackElo "1780"]
[PlyCount "61"]
[EventDate "2010.06.28"]
[EventType "swiss"]
[EventRounds "9"]
[EventCountry "ESP"]
[Source "lmi"]
[SourceDate "2010.06.28"]

1. e4 c6 2. d4 d5 3. Nc3 dxe4 4. Nxe4 Bf5 5. Ng3 Bg6 6. h4 h5 7. Nf3 Nd7 8. Bd3
Bxd3 9. Qxd3 Qc7 10. Bd2 e6 11. O-O-O O-O-O 12. Qe2 Bd6 13. Ne4 f6 14. Nxd6+
Qxd6 15. Rhe1 Re8 16. g3 Nb6 17. Bf4 Qd5 18. b3 Qa5 19. Kb2 Nd5 20. Bd2 Qc7 21.
c4 Nb6 22. Bf4 Qf7 23. Qd2 Nh6 24. Qa5 g5 25. hxg5 fxg5 26. Nxg5 Qf5 27. Qxa7
e5 28. dxe5 Nd7 29. e6 Qf6+ 30. Ka3 Qe7+ 31. Bd6 1-0

[Event "13. Open Club Ajedrez Villaverde"]
[Site "Madrid ESP"]
[Date "2010.06.28"]
[Round "1.16"]
[White "Hernandez Del Can, Jose"]
[Black "Cortes Jurado, Rafael"]
[Result "0-1"]
[WhiteElo "1777"]
[BlackElo "2076"]
[PlyCount "86"]
[EventDate "2010.06.28"]
[EventType "swiss"]
[EventRounds "9"]
[EventCountry "ESP"]
[Source "lmi"]
[SourceDate "2010.06.28"]

1. c4 Nf6 2. Nc3 e6 3. Nf3 c5 4. g3 b6 5. Bg2 Bb7 6. O-O Be7 7. d3 O-O 8. e4
Nc6 9. Bf4 d5 10. cxd5 exd5 11. exd5 Nb4 12. d4 Ba6 13. Ne2 Nd3 14. Bc1 Bd6 15.
Ne1 c4 16. Nc3 Re8 17. Nxd3 cxd3 18. Re1 Qd7 19. Be3 Ng4 20. Qd2 Qf5 21. h3 Nf6
22. Bg5 h6 23. Bxf6 Qxf6 24. Ne4 Qg6 25. Nxd6 Qxd6 26. Be4 Qd7 27. Bxd3 Bb7 28.
Bf1 Qxd5 29. f3 Qxf3 30. Bg2 Qxg3 31. Qf2 Qg6 32. Kh1 Bxg2+ 33. Qxg2 Qd6 34. d5
Rad8 35. Rxe8+ Rxe8 36. Rg1 g6 37. Rf1 Re5 38. Rd1 Rg5 39. Qh2 Qf6 40. Qe2 Qf5
41. Qd3 Qf2 42. Qe4 Rg3 43. Qe8+ Kg7 0-1

[Event "13. Open Club Ajedrez Villaverde"]
[Site "Madrid ESP"]
[Date "2010.06.28"]
[Round "1.17"]
[White "Martinez Peiro, Gabriel"]
[Black "Montero Montero, Juan Jose"]
[Result "1-0"]
[WhiteElo "2058"]
[BlackElo "1745"]
[PlyCount "97"]
[EventDate "2010.06.28"]
[EventType "swiss"]
[EventRounds "9"]
[EventCountry "ESP"]
[Source "lmi"]
[SourceDate "2010.06.28"]

1. d4 Nf6 2. Bg5 e6 3. e3 Be7 4. Bd3 c5 5. c3 Nd5 6. Bxe7 Qxe7 7. Nd2 Nc6 8.
Ngf3 cxd4 9. cxd4 b6 10. a3 a5 11. Qe2 O-O 12. Ne4 Nf6 13. Nxf6+ Qxf6 14. O-O
Bb7 15. Rac1 Rfc8 16. Rc3 d6 17. Rfc1 Na7 18. Rxc8+ Rxc8 19. Rxc8+ Nxc8 20. Qc2
g6 21. e4 Qd8 22. Nd2 Qd7 23. f3 Qc6 24. Qxc6 Bxc6 25. Ba6 Na7 26. Nc4 Bb5 27.
Bxb5 Nxb5 28. Nxb6 Nxd4 29. Nc4 Nc6 30. Nxd6 Kf8 31. Nc4 Ke7 32. Kf2 Kd7 33. f4
f6 34. Ke3 Kc7 35. f5 exf5 36. exf5 g5 37. Ke4 h5 38. h3 h4 39. Kd5 Kd7 40. Ne3
Ne7+ 41. Kc5 Nc6 42. Ng4 Ne7 43. Nxf6+ Kd8 44. Ne4 Nxf5 45. Nxg5 Ne3 46. Kb5
Nxg2 47. Kxa5 Nf4 48. b4 Kc7 49. Kb5 1-0

[Event "13. Open Club Ajedrez Villaverde"]
[Site "Madrid ESP"]
[Date "2010.06.28"]
[Round "1.18"]
[White "Martinez Miura, Enrique"]
[Black "Cabañas Bravo, Juan Andres"]
[Result "0-1"]
[WhiteElo "1727"]
[BlackElo "2057"]
[PlyCount "74"]
[EventDate "2010.06.28"]
[EventType "swiss"]
[EventRounds "9"]
[EventCountry "ESP"]
[Source "lmi"]
[SourceDate "2010.06.28"]

1. Nf3 Nf6 2. d4 g6 3. c4 Bg7 4. Nc3 d5 5. e3 O-O 6. Bd3 c5 7. dxc5 dxc4 8.
Bxc4 Qa5 9. O-O Qxc5 10. Qd4 Qh5 11. Qe5 Bg4 12. Qxh5 Bxh5 13. Be2 h6 14. h3 g5
15. g4 Bg6 16. Ne5 Be4 17. f3 Nd5 18. Nxe4 Bxe5 19. f4 gxf4 20. exf4 Bd4+ 21.
Kg2 Nc6 22. Rb1 Ncb4 23. Rd1 Be3 24. a3 Bxc1 25. Rbxc1 Ne3+ 26. Kf3 Nxd1 27.
axb4 Nxb2 28. Nc5 Rfc8 29. Rb1 b6 30. Rxb2 bxc5 31. bxc5 Rxc5 32. Rb7 Kf8 33.
h4 a5 34. Ke4 a4 35. Kd4 Rc1 36. g5 hxg5 37. fxg5 a3 0-1

[Event "13. Open Club Ajedrez Villaverde"]
[Site "Madrid ESP"]
[Date "2010.06.28"]
[Round "1.19"]
[White "Aguado Solana, Juan"]
[Black "Garcia-Ines Sanchez, Gustavo"]
[Result "0-1"]
[WhiteElo "2038"]
[BlackElo "1704"]
[PlyCount "120"]
[EventDate "2010.06.28"]
[EventType "swiss"]
[EventRounds "9"]
[EventCountry "ESP"]
[Source "lmi"]
[SourceDate "2010.06.28"]

1. e4 c5 2. Nf3 d6 3. d4 cxd4 4. Nxd4 e6 5. Nc3 a6 6. Be3 Nf6 7. f3 Be7 8. g4
Nc6 9. Qd2 Nxd4 10. Bxd4 e5 11. Be3 Be6 12. g5 Nh5 13. Rg1 g6 14. Nd5 Bxd5 15.
Qxd5 Qc7 16. Bc4 O-O 17. Rg4 Rac8 18. Bb3 Qc6 19. Qd2 b5 20. Rh4 Nf4 21. Bxf4
exf4 22. Qxf4 Qc5 23. Rg4 a5 24. a4 Qd4 25. axb5 Qxb2 26. Rxa5 Qc3+ 27. Qd2
Qxf3 28. Rg2 Qxe4+ 29. Kf1 Qf3+ 30. Qf2 Qd1+ 31. Qe1 Qf3+ 32. Kg1 Ra8 33. Ra6
Qb7 34. Rf2 Bxg5 35. Rxf7 Rxf7 36. Bxf7+ Kxf7 37. Rxd6 Qe7 38. Qxe7+ Bxe7 39.
Rc6 Ke8 40. Kf2 Kd8 41. Kg3 Rc8 42. Rxc8+ Kxc8 43. h3 Kd7 44. Kf4 Kd6 45. c4
Kc5 46. Kg4 h6 47. Kf4 Bd6+ 48. Ke4 Kxc4 49. b6 Bb8 50. b7 Kc5 51. Ke3 Kd5 52.
Kf3 Kc6 53. Ke4 Kxb7 54. Kd5 g5 55. Ke4 Bf4 56. Kf5 Kc6 57. Kg6 g4 58. hxg4 Kd5
59. Kf5 Bg5 60. Kg6 Ke4 0-1

[Event "13. Open Club Ajedrez Villaverde"]
[Site "Madrid ESP"]
[Date "2010.06.28"]
[Round "1.20"]
[White "Fariñas Lucas, Juan Antonio"]
[Black "Arjona Martinez, Santiago"]
[Result "0-1"]
[WhiteElo "1698"]
[BlackElo "2022"]
[PlyCount "52"]
[EventDate "2010.06.28"]
[EventType "swiss"]
[EventRounds "9"]
[EventCountry "ESP"]
[Source "lmi"]
[SourceDate "2010.06.28"]

1. e4 c5 2. Nf3 d6 3. d4 cxd4 4. Nxd4 Nf6 5. Nc3 a6 6. Be3 e5 7. Nb3 Be6 8. Bd3
Be7 9. O-O Nbd7 10. Qd2 Ng4 11. h3 Nxe3 12. Qxe3 O-O 13. Rad1 Rc8 14. Nd5 Bxd5
15. exd5 f5 16. Qe2 e4 17. Bxe4 fxe4 18. Qxe4 Nc5 19. Nxc5 Rxc5 20. Rfe1 Bf6
21. c3 Rc7 22. Qg4 Rcf7 23. Re2 Be5 24. Rf1 Kh8 25. Re3 Qb6 26. g3 Qxe3 0-1

[Event "13. Open Club Ajedrez Villaverde"]
[Site "Madrid ESP"]
[Date "2010.06.28"]
[Round "1.22"]
[White "Garcia Hernandez, Javier"]
[Black "Cruz Monzon, Jose"]
[Result "0-1"]
[WhiteElo "1660"]
[BlackElo "1984"]
[PlyCount "70"]
[EventDate "2010.06.28"]
[EventType "swiss"]
[EventRounds "9"]
[EventCountry "ESP"]
[Source "lmi"]
[SourceDate "2010.06.28"]

1. d4 d5 2. c4 e6 3. Nc3 c6 4. Nf3 Nf6 5. Bg5 dxc4 6. e4 b5 7. e5 h6 8. Bh4 g5
9. Nxg5 hxg5 10. Bxg5 Nbd7 11. exf6 Bb7 12. Be2 Qb6 13. O-O O-O-O 14. Bf3 c5
15. Bxb7+ Qxb7 16. a4 b4 17. Ne2 Rg8 18. h4 Bh6 19. f4 Nxf6 20. Ng3 Rxd4 21.
Qf3 Qxf3 22. Rxf3 Bg7 23. Re1 Nd5 24. f5 e5 25. f6 Bf8 26. Rxe5 Bd6 27. Re1
Bxg3 28. Rxg3 c3 29. bxc3 Nxc3 30. Re7 Rd7 31. a5 Rxe7 32. fxe7 Ne2+ 33. Kf2
Nxg3 34. Kxg3 Rxg5+ 35. hxg5 Kd7 0-1

[Event "13. Open Club Ajedrez Villaverde"]
[Site "Madrid ESP"]
[Date "2010.06.28"]
[Round "1.23"]
[White "Sanchez Millan, Eduardo"]
[Black "Al-Zarif, Bassam"]
[Result "1-0"]
[WhiteElo "1976"]
[BlackElo "1631"]
[PlyCount "37"]
[EventDate "2010.06.28"]
[EventType "swiss"]
[EventRounds "9"]
[EventCountry "ESP"]
[Source "lmi"]
[SourceDate "2010.06.28"]

1. d4 d5 2. c4 dxc4 3. Nc3 Nf6 4. e4 e5 5. d5 Bb4 6. Qa4+ c6 7. Qxb4 cxd5 8.
exd5 Nxd5 9. Qb5+ Nc6 10. Qxd5 Bd7 11. Be3 O-O 12. O-O-O Nd4 13. Bxd4 exd4 14.
Rxd4 Qf6 15. Ne4 Qf4+ 16. Kb1 Be6 17. Qg5 Qc7 18. Nf6+ Kh8 19. Rh4 1-0

[Event "13. Open Club Ajedrez Villaverde"]
[Site "Madrid ESP"]
[Date "2010.06.28"]
[Round "1.24"]
[White "Sanchez Tapia, Luis G"]
[Black "Cano Cabanillas, Javier"]
[Result "0-1"]
[WhiteElo "1609"]
[BlackElo "1960"]
[PlyCount "48"]
[EventDate "2010.06.28"]
[EventType "swiss"]
[EventRounds "9"]
[EventCountry "ESP"]
[Source "lmi"]
[SourceDate "2010.06.28"]

1. e4 e6 2. c4 d5 3. cxd5 exd5 4. Nf3 dxe4 5. Qa4+ Nc6 6. Qxe4+ Be7 7. a3 Nf6
8. Qc2 O-O 9. Bb5 Bd7 10. Nc3 a6 11. Bc4 Bg4 12. Be2 Bc5 13. O-O Re8 14. d3 Nd4
15. Nxd4 Qxd4 16. Bd2 Bxe2 17. Nxe2 Rxe2 18. Qc3 Ng4 19. Rac1 Qxc3 20. Bxc3
Bxf2+ 21. Rxf2 Nxf2 22. Kf1 Rae8 23. d4 Nd3 24. Rb1 Rf2+ 0-1

[Event "13. Open Club Ajedrez Villaverde"]
[Site "Madrid ESP"]
[Date "2010.06.28"]
[Round "1.25"]
[White "Baeza Escudero, Javier"]
[Black "Cortijo Manso, Luis"]
[Result "1-0"]
[WhiteElo "1958"]
[BlackElo "1586"]
[PlyCount "45"]
[EventDate "2010.06.28"]
[EventType "swiss"]
[EventRounds "9"]
[EventCountry "ESP"]
[Source "lmi"]
[SourceDate "2010.06.28"]

1. e4 c5 2. Nf3 e6 3. d4 cxd4 4. Nxd4 Nc6 5. Nc3 Nf6 6. Ndb5 d6 7. Bf4 e5 8.
Bg5 a6 9. Na3 Be7 10. Bxf6 Bxf6 11. Nc4 Nd4 12. Bd3 O-O 13. O-O g6 14. Nd5 Bg7
15. c3 Ne6 16. Bc2 b5 17. Nxd6 Rb8 18. Nxc8 Rxc8 19. a4 bxa4 20. Rxa4 Nc5 21.
Rc4 a5 22. b4 axb4 23. cxb4 1-0